000
00277nam a2200109Ia 4500
008
190216s9999||||xx |||||||||||||| ||und||
100
_a
Gupta Cb & Srinivasan Np
245
0
_a
Entrepreneurial Development
260
_b
Sulthan Chand&Sons
_c
1996
300
_a
680p
942
_c
BK
999
_c
5581
_d
5581